Icefire / (Record no. 1584)

MARC details
000 -LEADER
fixed length control field 01090cam a2200313 a 4500
005 - DATE AND TIME OF LATEST TRANSACTION
control field 20230907151059.0
020 ## - INTERNATIONAL STANDARD BOOK NUMBER
International Standard Book Number 9780439672467
040 ## - CATALOGING SOURCE
Original cataloging agency DLC
Transcribing agency DLC
Modifying agency DLC
Language of cataloging eng
050 00 - LIBRARY OF CONGRESS CALL NUMBER
Classification number PZ7.D6475
Item number Ic 2003
082 00 - DEWEY DECIMAL CLASSIFICATION NUMBER
Classification number Fic
Edition number 22
100 1# - MAIN ENTRY--PERSONAL NAME
Personal name D'Lacey, Chris.
245 10 - TITLE STATEMENT
Title Icefire /
Statement of responsibility, etc. Chris D'Lacey.
250 ## - EDITION STATEMENT
Edition statement 1st Scholastic pbk. ed.
260 ## - PUBLICATION, DISTRIBUTION, ETC.
Place of publication, distribution, etc. New York :
Name of publisher, distributor, etc. Scholastic
Date of publication, distribution, etc. 2003
300 ## - PHYSICAL DESCRIPTION
Extent 421 pages :
Other physical details illustrations
Dimensions 20 cm
500 ## - GENERAL NOTE
General note Sequel to: A fire within.
500 ## - GENERAL NOTE
General note Sequel: Fire star.
505 ## - FORMATTED CONTENTS NOTE
Formatted contents note R <br/>
520 ## - SUMMARY, ETC.
Summary, etc. While researching the existence of dragons for an essay that could win him a trip to the Arctic, Chris opens himself to the possibility that a great, ancient treasure exists there, guarded by bears, and that he has some role in its protection.
521 ## - TARGET AUDIENCE NOTE
Target audience note 690 <br/>
Source Lexile <br/>
521 ## - TARGET AUDIENCE NOTE
Target audience note R <br/>
Source Raz-Plus <br/>
650 #1 - SUBJECT ADDED ENTRY--TOPICAL TERM
Topical term or geographic name entry element Supernatural
Form subdivision Fiction.
650 #1 - SUBJECT ADDED ENTRY--TOPICAL TERM
Topical term or geographic name entry element Dragons
Form subdivision Fiction.
650 #1 - SUBJECT ADDED ENTRY--TOPICAL TERM
Topical term or geographic name entry element Bears
Form subdivision Fiction.
650 #1 - SUBJECT ADDED ENTRY--TOPICAL TERM
Topical term or geographic name entry element Boardinghouses
Form subdivision Fiction.
906 ## - LOCAL DATA ELEMENT F, LDF (RLIN)
a 7
b cbc
c orignew
d 1
e ocip
f 20
g y-gencatlg
942 ## - ADDED ENTRY ELEMENTS (KOHA)
Source of classification or shelving scheme Dewey Decimal Classification
Koha item type Books
Suppress in OPAC No
999 ## -
-- 1584
-- 1584
Holdings
Withdrawn status Lost status Source of classification or shelving scheme Damaged status Not for loan Collection Home library Current library Shelving location Date acquired Total Checkouts Full call number Barcode Date last seen Date last checked out Price effective from Koha item type
    Dewey Decimal Classification     Juvenile Fiction Footprints International School Library Network Toul Kork Campus Footprints International School Library Network Toul Kork Campus   09/07/2023 3 DLA Fic PZ7.D6475 FIS00727 05/07/2025 04/10/2025 09/07/2023 Books